000
00342nam a22001577a 4500
003
MPLRDC
005
20220104114607.0
008
210129b ||||| |||| 00| 0 eng d
082
_a
856.9 OYP
100
_a
欧阳凡著
245
_a
海歌集
_c
260
_a
_b
文丰出版社
_c
300
_b
平
650
_a
942
_c
BK
_o
856.9 OYP
999
_c
8699
_d
8689